| Registos Bibliográficos associados ao registo de autoridade |
|
Etiqueta de registo: 00254nam 2200025 450 001 2286164 003 http://id.bnportugal.gov.pt/bib/catbnp/2286164 100 ## $a20260512d2025 k y0pory01030103ba 101 0# $apor$deng 102 ## $aPT 105 ## $aa m 001yy 106 ## $ar 200 1# $aProblemas de aprendizagem em matemática no ensino médio$econtributo de uma investigação-ação$fIsrael Cardoso$gorient. Maria da Piedade Simões Santana Pessoa Vaz Rebelo, Maria da Graça Amaro Bidarra,
Vanda Alexandre Marques dos Santos 210 #9 $aCoimbra$c[s.n.],$d2025 328 #1 $aTese dout. Ciências da Educação (Organização do Ensino, Aprendizagem e Formação de
Professores), Faculdade de Psicologia e de Ciências da Educação da Universidade de
Coimbra, 2025 700 #1 $aCardoso,$bIsrael$31998175 702 #1 $aRebelo,$bMaria da Piedade Pessoa Vaz$4727$31739987 702 #1 $aBidarra,$bMaria da Graça Amaro$4727$3204878 702 #1 $aSantos,$bVanda Alexandre Marques dos$4727$31408772 801 #0 $aPT$bBN$gRPC 966 ## $lBN$mFGMON$x1 971 ## $cisantos$d20260512
|
|
|